| 000 | 00675nam a2200241Ia 4500 | ||
|---|---|---|---|
| 008 | 160319s9999 xx 000 0 und d | ||
| 020 | _a971-584-412-X | ||
| 050 | _aFIL RT 41 | ||
| 050 | _b.U33 2005 | ||
| 100 | _aUntalan, Aaron "Cy" Tuesca. | ||
| 245 | _aCy Untalan's medi--surg--ixing : | ||
| 245 | _bthe easiest way to master medical surgical nursing / | ||
| 245 | _cAaron "Cy" Tuesca Untalan. | ||
| 260 | _aQuezon City: | ||
| 260 | _bC & E Pub. Inc., | ||
| 260 | _c2005 | ||
| 300 | _a922 pages : | ||
| 300 | _billustrations ; | ||
| 300 | _c22 cm. | ||
| 500 | _aIncludes bibliographical references. | ||
| 650 | _aNursing. | ||
| 650 | _xSurgical nursing. | ||
| 999 |
_c291925 _d291925 |
||